| 000 | 01460nam a22002657a 4500 | ||
|---|---|---|---|
| 005 | 20120509113858.0 | ||
| 010 | _aENG-105229 B-489840-843 | ||
| 020 |
_a9788184001594 _c499.00 |
||
| 035 | _aEN-88762 B-489840-843 | ||
| 037 | _bDBAD/PUB | ||
| 037 | _bK.K.Pub/Ven | ||
| 082 | _aN | ||
| 100 |
_aHanif, Mohammed _955162 |
||
| 245 |
_aOur lady of Alice Bhatti / _cby Mohammed Hanif |
||
| 260 |
_aNoida _bRandom House Publishers _c2011 |
||
| 270 |
_aWindsor IT Park, 7th Floor, Tower-B, A-1, Sector-125 _bNoida _e201301 |
||
| 300 |
_a231p. _c23cm(Hb) |
||
| 942 |
_2ddc _cEN _hN _mHAN |
||
| 999 |
_c66362 _d66362 |
||